000 00535nam a2200217Ia 4500
003 OSt
005 20220924133406.0
006 a|||||r|||| 00| 0
007 ta
008 220923b |||||||| |||| 00| 0 snd d
024 _a265082
037 _cTextual
040 _aARTS
_cARTS
_bsnd
041 _2snd
_asnd
082 _aO152:3M80:11, 1593J5
100 _aPremchand
_964091
245 0 _aShatranj
260 _c1955
942 _hO152:3M80:11, 1593J5
_cTEXL
_2CC
999 _c433624
_d433624